000 00660nam a2200241Ia 4500
003 OSt
005 20220925170719.0
006 a|||||r|||| 00| 0
007 ta
008 220923b |||||||| |||| 00| 0 eng d
020 _a0534519679
037 _cGeneral Book
040 _aRTL
_cRTL
_beng
041 _2eng
_aeng
082 _aYv73.N, P2
100 _aTurner Jonathan H, and others
_9237685
245 0 _aEmergence of sociological theory
250 _aEd.5
260 _aBelmont
_bWadsworth
_c2002
300 _axxii,499p
_ccm.
942 _hYv73.N, P2
_cGB
_2CC
999 _c480777
_d480777